An outline of the cultural history of India/ (Record no. 32709)

000 -LEADER
fixed length control field 00425nam a22001571a 4500
082 ## - DEWEY DECIMAL CLASSIFICATION NUMBER
Classification number 954
Item number SYE/O
245 ## - TITLE STATEMENT
Title An outline of the cultural history of India/
Statement of responsibility, etc by Syed Abdul Latif (ed.)
250 ## - EDITION STATEMENT
Edition statement 2nd ed.
260 ## - PUBLICATION, DISTRIBUTION, ETC. (IMPRINT)
Place of publication New Delhi:
Name of publisher Munshiram Manoharlal,
Year of publication 1979.
300 ## - PHYSICAL DESCRIPTION
Number of Pages 364p.
650 ## - SUBJECT ADDED ENTRY--TOPICAL TERM
Topical Term Cultural History India
650 ## - SUBJECT ADDED ENTRY--TOPICAL TERM
Topical Term History India
650 ## - SUBJECT ADDED ENTRY--TOPICAL TERM
Topical Term History
700 ## - ADDED ENTRY--PERSONAL NAME
Personal name Syed Abdul Latif (ed.)
942 ## - ADDED ENTRY ELEMENTS (KOHA)
Koha item type Book
Holdings
Withdrawn status Lost status Damaged status Not for loan Permanent Location Current Location Date acquired Cost, normal purchase price Full call number Accession Number Cost, replacement price Price effective from Koha item type
        Sree Sankaracharya University of Sanskrit Sree Sankaracharya University of Sanskrit 08.01.2015 250.00 954 SYE/O 022070 0.00 08.01.2015 Book